| 000 | 00815nam a2200253 a 4500 | ||
|---|---|---|---|
| 001 | 62222 | ||
| 003 | BD-RjUL | ||
| 005 | 20211209081045.0 | ||
| 008 | 170123s1980 enk b 001 0 eng d | ||
| 020 | _a0333283368 | ||
| 035 | _a(BD-RjUL)62347 | ||
| 040 |
_aBD-RjUL _beng _cBD-RjUL _dBD-RjUL |
||
| 041 | _aeng | ||
| 082 |
_223 _a820.9 _bAME 1980 |
||
| 245 | 1 | 0 |
_aAmerican literature to 1900 / _cintroduction by Lewis Leary |
| 260 |
_aLondon : _bMacmillan, _cc1980 |
||
| 300 |
_avii, 340 p. ; _c24 cm. |
||
| 490 | 1 |
_aGreat writers student library ; _v12 |
|
| 504 | _aIncludes bibliographies and index | ||
| 650 | 0 |
_aAmerican literature _xHistory and criticism. _9185062 |
|
| 700 | 1 |
_aLeary, Lewis, _d1906-1990. _9185063 |
|
| 830 | 0 |
_aGreat writers student library (London, England) ; _v12 _9185067 |
|
| 942 |
_2ddc _cBK |
||
| 999 |
_c62222 _d62222 |
||